Регионална библиотека "Любен Каравелов" - Русе

Стремеж към глобализъм (Запис номер 9615)

MARC детайли
000 -Лидер
Контролно поле с фиксирана дължина 01440nam a2200337 c 4500
003 - Код на организацията, давaща контролен номер
Контролно поле BLK
005 - Дата и час на последна редакция
Контролно поле 20231017130910.0
008 - Елементи от данни с фиксирана дължина
fixed length control field 180412b bul|||||r ||||||| ||bul||
010 ## - Наследен системен номер
LC control number KNG00011043000
020 ## - Международен стандартен номер на книга ISBN
Международен стандартен номер на книга ISBN 954-402-023-3
-- издат.: Петър Берон
040 ## - Източник на каталожния запис
Идентификатор на билиотеката - собственик на записа BLK
041 ## - Код за език
Код за езика на текст/звукозапис или на отделно заглавие Български
Код за езика КДБФ Български
080 ## - УДК
Текстов определител УДК Международни политически отношения. Световна политика. Международна политика. Дипломация
УДК код - определител по УДК 327
УДК определител (73)(091)
УДК - код + определител 327(73)(091)
100 1# - Редна дума - Автор
Автор Амброуз, Стивън И.
Авторска отговорност първи автор
R(LIN) 254635
139 ## - Редно поле
Редна дума Амброуз, Стивън И.
Авторски знак Ам - А 60
245 10 - Сведения за заглавието
Заглавие Стремеж към глобализъм
Подзаглавни данни Амер. външ. политика от 1938 до началото на 90-те г.
Редно поле (дума) Стивън И. Амброуз.
257 ## - Страна на издаване
Страна на създаване/издаване Съединени американски щати
260 ## - Област на издателските данни
-- София
Име на издателя, разпространителя и проч. Петър Берон
Година на издаване 1995
Печатница Враца : Полипринт
300 ## - Физическа характеристика
Страници 416 с.
Илюстрации и др. с к.
Размери/Мащаб 20 см
380 ## - Жанр
Жанр Обществени науки
500 ## - Общи забележки
Забележка Ориг. загл. Rise to Globalism / Stephen E. Ambrose. - Показалец.
650 #4 - Допълнително описание по предмет – тема
Основно описание – тема или топоним САЩ - външна политика
9 (RLIN) 246834
653 ## - Ключова дума – ненормативна
Ключова дума САЩ
653 ## - Ключова дума – ненормативна
Ключова дума външна политика
852 ## - Местоположение
Форматна сигнатура Цб 185858
856 4# - Електронен адрес и достъп
Електронен формат pdf - файл
Път до файла /url/
856 4# - Електронен адрес и достъп
Електронен формат pdf - файл
Път до файла /url/
942 ## - АРТИКУЛИ
Вид на библиотечния материал Книги
Скрит в OPAC Не
Koha issues (borrowed), all copies 3
944 ## - СЪЗДАВАНЕ И РЕДАКЦИЯ на ЗАПИСА
Създаване/Редакция Създаване
Дата на регистрацията/редакция 15.01.2003
Статус, дата на статуса Цветомила Тодорова
Служител, извършил регистрацията/редакцията 30576
944 ## - СЪЗДАВАНЕ И РЕДАКЦИЯ на ЗАПИСА
Създаване/Редакция Редакция
Дата на регистрацията/редакция 07.05.2014
Статус, дата на статуса ф /
Служител, извършил регистрацията/редакцията
999 ## - СИСТЕМНИ КОНТРОЛНИ НОМЕРА
Koha biblionumber 9615
Koha biblioitemnumber 9615
Наличности
Код за отписване Код за изгубен артикул Източник на класификационната схема Код за повреда Коз за рестрикции Код за отдаване Артикулен № Име на библиотеката - собственик Име на библиотеката, в която се намира в момента Статус (Текущо местоположение) Дата на вписване в системата Местоположение - отдел Цена в лева Инвентарен номер Систематично азбучна сигнатура Баркод Номер на екземпляра Цена в евро Служебна бележка Служебен тип на артикула
  Не е изгубен Universal Decimal Classification Не е повреден без рестрикции ползва се в читалня 16651 Регионална библиотека "Любен Каравелов" Русе Регионална библиотека "Любен Каравелов" Русе Хранилище 2001-01-01 Хранилище 1.20 620304 Цб 185858 120000620304 1 0.61 Дост: Dp Вид: Д N: стар фонд Дата: 01.01.2001 Книги
  Не е изгубен   Не е повреден без рестрикции заемане за дома 16652 Регионална библиотека "Любен Каравелов" Русе Регионална библиотека "Любен Каравелов" Русе Заемна - подръчен фонд 2004-05-31 Заемна - подръчен фонд 5.00 120000685849 П 327(7)/А 60 120000685849 2 2.56 Дост: Pk Вид: Ф N: 2 Дата: 31.05.2004 Дата инв: 02.02.2018 Бележки инв: П2018 Книги
  Не е изгубен   Не е повреден без рестрикции заемане за дома 16653 Регионална библиотека "Любен Каравелов" Русе Регионална библиотека "Любен Каравелов" Русе Заемна - подръчен фонд 2004-05-31 Заемна - подръчен фонд 5.00 120000685850 П 327(7)/А 60 120000685850 3 2.56 Дост: Pk Вид: Ф N: 2 Дата: 31.05.2004 Дата инв: 02.02.2018 Бележки инв: П2018 Книги
  Не е изгубен   Не е повреден без рестрикции заемане за дома 16654 Регионална библиотека "Любен Каравелов" Русе Регионална библиотека "Любен Каравелов" Русе Заемна - подръчен фонд 2014-02-07 Заемна - подръчен фонд 5.00 120000774231 П 327(7)/А 60 120000774231 4 2.56 Дост: DA Вид: А N: 3 Дата: 07.02.2014 Дата инв: 02.02.2018 Бележки инв: П2018 Книги
Vip Innovations Ltd, Rousse, Bulgaria 2025